Аспект вежливости в японском языке; Ч. 2
| Parent link: | Ч. 2.— 2006.— С. 22-24 |
|---|---|
| Autor principal: | |
| Lenguaje: | ruso |
| Publicado: |
2006
|
| Materias: | |
| Formato: | Capítulo de libro |
| KOHA link: | https://koha.lib.tpu.ru/cgi-bin/koha/opac-detail.pl?biblionumber=123032 |
MARC
| LEADER | 00000naa2a2200000 4500 | ||
|---|---|---|---|
| 001 | 123032 | ||
| 005 | 20231031130339.0 | ||
| 035 | |a (RuTPU)RU\TPU\book\133199 | ||
| 090 | |a 123032 | ||
| 100 | |a 20071011d2006 k y0rusy50 ca | ||
| 101 | 0 | |a rus | |
| 102 | |a RU | ||
| 200 | 1 | |a Аспект вежливости в японском языке |f П. С. Бикнязев | |
| 463 | 0 | |0 (RuTPU)RU\TPU\book\111466 |t Ч. 2 |v С. 22-24 |d 2006 |p 344 с. | |
| 610 | 1 | |a вежливость | |
| 610 | 1 | |a японский язык | |
| 610 | 1 | |a труды учёных ТПУ | |
| 700 | 1 | |a Бикнязев |b П. С. | |
| 801 | 1 | |a RU |b 63413507 |c 20071011 |g PSBO | |
| 942 | |c BK | ||